00760nam a2200229Ia 4500003000900000008004100009020002200050040001600072080001500088100002900103245010200132250001200234260003200246300001700278650002200295650001700317650001700334700003200351942000700383999001700390952012300407IN-BaIIA211028s9999 xx 000 0 eng d a978-1-4665-6315-5 cIIA Library a523.4bCOL aCole, George H. A934456 0aPlanetary sciencebthe science of planets around starscGeorge H. A. Cole And Michael M. Woolfson a2nd ed. aBoca RatonbCRC Pressc2013 axxxii, 575p. aPlanetology99952 aPlanets9971 aSolar System aWoolfson, Michael M.933192 cBK c18901d18901 00104070aBANbBANcGENd2014-05-30g2502.00l0o523.4/ COLp19823r2021-11-05v2502.00w2014-05-30yBKGRs. 2502.00